[Event "La Pobla de Lillet op"]
[Site "La Pobla de Lillet ESP"]
[Date "2010.08.02"]
[Round "1.1"]
[White "Rakhmanov, A.."]
[Black "Marca Esturnell, JM.."]
[Result "1-0"]
[WhiteElo "2590"]
[BlackElo "1912"]
[PlyCount "65"]
[EventDate "2010.08.02"]
[EventType "swiss"]
[EventRounds "9"]
[EventCountry "ESP"]
[SourceTitle "Ajedrez en Madrid"]
[Source "lmi"]
[SourceDate "2020.06.24"]
[SourceVersion "1"]
[SourceVersionDate "2020.06.25"]
[SourceQuality "1"]

1. d4 Nf6 2. c4 g6 3. Nc3 c5 4. d5 d6 5. e3 Bg7 6. Nge2 O-O 7. h4 e6 8. Nf4
exd5 9. cxd5 Re8 10. h5 g5 11. h6 gxf4 12. hxg7 Bf5 13. Qf3 Bg6 14. Qxf4 a6 15.
a4 Qe7 16. f3 Qe5 17. Qxe5 Rxe5 18. e4 Rh5 19. Rg1 Kxg7 20. Bf4 Ne8 21. g4 Rh4
22. Kf2 Nd7 23. Kg3 Rh6 24. Bxh6+ Kxh6 25. f4 f6 26. Rb1 Nc7 27. Bh3 Nf8 28. b4
c4 29. Kf3 b5 30. axb5 Nxb5 31. Nxb5 axb5 32. Ra1 Re8 33. Rge1 1-0

[Event "La Pobla de Lillet op"]
[Site "La Pobla de Lillet ESP"]
[Date "2010.08.02"]
[Round "1.2"]
[White "Tardio Fran, E.."]
[Black "Mirzoev, A.."]
[Result "0-1"]
[WhiteElo "1882"]
[BlackElo "2541"]
[PlyCount "80"]
[EventDate "2010.08.02"]
[EventType "swiss"]
[EventRounds "9"]
[EventCountry "ESP"]
[SourceTitle "Ajedrez en Madrid"]
[Source "lmi"]
[SourceDate "2020.06.24"]
[SourceVersion "1"]
[SourceVersionDate "2020.06.25"]
[SourceQuality "1"]

1. e4 c5 2. Nf3 e6 3. d4 cxd4 4. Nxd4 a6 5. Bd3 Bc5 6. Nb3 Ba7 7. Nc3 Nc6 8.
Qe2 Nge7 9. Bg5 Qc7 10. Bh4 d6 11. Bg3 O-O 12. O-O-O b5 13. f4 b4 14. Nb1 a5
15. Bb5 Bb6 16. Ba4 Ba6 17. Qd2 Rfd8 18. Rhe1 Rac8 19. Bf2 d5 20. Bxb6 Qxb6 21.
exd5 Nxd5 22. Bxc6 Qxc6 23. Nd4 Qc7 24. g3 h6 25. Qf2 a4 26. a3 Rb8 27. Rd2
bxa3 28. Nxa3 Rxb2 29. c4 Rxd2 30. Qxd2 Bxc4 31. f5 Bd3+ 32. Nac2 Bxf5 33. Nxf5
exf5 34. Qd4 Rc8 35. Re2 Nc3 36. Rf2 Ne4 37. Re2 a3 38. g4 Qf4+ 39. Qe3 Qxg4
40. h3 Qg5 0-1

[Event "La Pobla de Lillet op"]
[Site "La Pobla de Lillet ESP"]
[Date "2010.08.02"]
[Round "1.3"]
[White "Martinez Duany, LS.."]
[Black "Escofet Llongueras, J.."]
[Result "1-0"]
[WhiteElo "2510"]
[BlackElo "1878"]
[PlyCount "25"]
[EventDate "2010.08.02"]
[EventType "swiss"]
[EventRounds "9"]
[EventCountry "ESP"]
[SourceTitle "Ajedrez en Madrid"]
[Source "lmi"]
[SourceDate "2020.06.24"]
[SourceVersion "1"]
[SourceVersionDate "2020.06.25"]
[SourceQuality "1"]

1. e4 e6 2. d4 d5 3. e5 c5 4. Nf3 Nc6 5. Bd3 Bd7 6. O-O f5 7. c4 cxd4 8. cxd5
exd5 9. e6 Bxe6 10. Re1 Qf6 11. Ng5 Ne5 12. f4 h6 13. Nxe6 1-0

[Event "La Pobla de Lillet op"]
[Site "La Pobla de Lillet ESP"]
[Date "2010.08.02"]
[Round "1.4"]
[White "Prats Cabaces, L.."]
[Black "Movsziszian, K.."]
[Result "1-0"]
[WhiteElo "1873"]
[BlackElo "2490"]
[PlyCount "73"]
[EventDate "2010.08.02"]
[EventType "swiss"]
[EventRounds "9"]
[EventCountry "ESP"]
[SourceTitle "Ajedrez en Madrid"]
[Source "lmi"]
[SourceDate "2020.06.24"]
[SourceVersion "1"]
[SourceVersionDate "2020.06.25"]
[SourceQuality "1"]

1. e4 g6 2. d4 Bg7 3. Nf3 d6 4. Bc4 Nf6 5. Qe2 c6 6. a4 O-O 7. O-O d5 8. exd5
cxd5 9. Bd3 Nc6 10. c3 Bf5 11. Bxf5 gxf5 12. Ne5 Rc8 13. h4 Nxe5 14. Qxe5 Qd7
15. Qe2 Kh8 16. Bf4 Rg8 17. Nd2 Ne4 18. Nf3 f6 19. Qb5 Rc6 20. Qd3 Qe8 21. Rfc1
Qg6 22. Qe3 Re6 23. Ne1 Qh5 24. Qh3 Bf8 25. f3 Nd6 26. Nd3 Ne8 27. Re1 Rc6 28.
Nb4 Rb6 29. a5 Rb5 30. a6 bxa6 31. Rxa6 e5 32. dxe5 Bxb4 33. exf6 Bc5+ 34. Kh1
Rxb2 35. g4 fxg4 36. fxg4 Rxg4 37. Qxg4 1-0

[Event "La Pobla de Lillet op"]
[Site "La Pobla de Lillet ESP"]
[Date "2010.08.02"]
[Round "1.5"]
[White "Velicka, P.."]
[Black "Mateu Guiu, E.."]
[Result "1-0"]
[WhiteElo "2483"]
[BlackElo "1861"]
[PlyCount "63"]
[EventDate "2010.08.02"]
[EventType "swiss"]
[EventRounds "9"]
[EventCountry "ESP"]
[SourceTitle "Ajedrez en Madrid"]
[Source "lmi"]
[SourceDate "2020.06.24"]
[SourceVersion "1"]
[SourceVersionDate "2020.06.25"]
[SourceQuality "1"]

1. e4 c5 2. Nf3 Nc6 3. Bb5 g6 4. Bxc6 bxc6 5. O-O Bg7 6. Re1 e5 7. c3 d6 8. d4
cxd4 9. cxd4 Bg4 10. dxe5 dxe5 11. Nbd2 Nf6 12. Qa4 Qc7 13. h3 Bxf3 14. Nxf3
O-O 15. Bg5 Nd7 16. Rac1 Rfc8 17. Rc2 Qb6 18. Rec1 Rab8 19. b3 a5 20. Bd2 Qb5
21. Qxb5 Rxb5 22. Rxc6 Rxc6 23. Rxc6 h6 24. Rc8+ Kh7 25. Ra8 Nc5 26. Rxa5 Rxa5
27. Bxa5 Nxe4 28. Bb4 Bf6 29. a4 Kg7 30. a5 Bd8 31. Nxe5 Kf6 32. a6 1-0

[Event "La Pobla de Lillet op"]
[Site "La Pobla de Lillet ESP"]
[Date "2010.08.02"]
[Round "1.12"]
[White "Millan Hernandez, M.."]
[Black "Capellades Subirana, M.."]
[Result "0-1"]
[WhiteElo "1762"]
[BlackElo "2268"]
[PlyCount "82"]
[EventDate "2010.08.02"]
[EventType "swiss"]
[EventRounds "9"]
[EventCountry "ESP"]
[SourceTitle "Ajedrez en Madrid"]
[Source "lmi"]
[SourceDate "2020.06.24"]
[SourceVersion "1"]
[SourceVersionDate "2020.06.25"]
[SourceQuality "1"]

1. e4 e5 2. Nf3 Nc6 3. Bc4 Bc5 4. O-O d6 5. c3 Bb6 6. h3 Nf6 7. Re1 Qe7 8. d4
Bd7 9. d5 Nb8 10. a4 a5 11. Qb3 Na6 12. Bb5 h6 13. Nbd2 g5 14. Nc4 Nc5 15.
Bxd7+ Nfxd7 16. Qc2 Na6 17. Bd2 Rg8 18. b4 g4 19. hxg4 Rxg4 20. bxa5 Ba7 21.
Rab1 Qf6 22. Kf1 Nac5 23. Bc1 Ke7 24. Re2 Rag8 25. Ne1 Nxe4 26. Rxe4 Rxe4 27.
Rxb7 Bc5 28. Nb2 Qh4 29. Be3 Bxe3 30. fxe3 Rxe3 31. Nbd3 Rg6 32. a6 e4 33. Nf2
Rf6 34. Nf3 exf3 35. Rb1 fxg2+ 36. Kxg2 Rg3+ 37. Kf1 Qh1+ 38. Ke2 Qf3+ 39. Ke1
Rg1+ 40. Kd2 Qxf2+ 41. Kd3 Ne5+ 0-1

[Event "La Pobla de Lillet op"]
[Site "La Pobla de Lillet ESP"]
[Date "2010.08.02"]
[Round "1.23"]
[White "Garcia Galeote, L.."]
[Black "Torrent Casado, M.."]
[Result "1-0"]
[WhiteElo "2058"]
[BlackElo "1616"]
[PlyCount "73"]
[EventDate "2010.08.02"]
[EventType "swiss"]
[EventRounds "9"]
[EventCountry "ESP"]
[SourceTitle "Ajedrez en Madrid"]
[Source "lmi"]
[SourceDate "2020.06.24"]
[SourceVersion "1"]
[SourceVersionDate "2020.06.25"]
[SourceQuality "1"]

1. d4 d5 2. Nf3 Nf6 3. Bf4 Bg4 4. Ne5 e6 5. Nxg4 Nxg4 6. f3 Nf6 7. Qd3 c6 8.
Nd2 Be7 9. Bg3 O-O 10. e4 c5 11. dxc5 Bxc5 12. O-O-O Qb6 13. Bh4 Nbd7 14. Nb3
Rfc8 15. Kb1 Rc6 16. Qb5 Rac8 17. Nxc5 Qxb5 18. Bxb5 Rxc5 19. Bxd7 Nxd7 20.
exd5 exd5 21. c3 f6 22. Bf2 Rb5 23. Bxa7 Rxc3 24. a4 Rbb3 25. Ka2 Rd3 26. Bd4
Ne5 27. Bc3 Rb6 28. Bxe5 Rxd1 29. Rxd1 fxe5 30. Rxd5 Re6 31. Rd8+ Kf7 32. Rd7+
Re7 33. Rxe7+ Kxe7 34. Kb3 Kd6 35. Kc4 g5 36. g4 Kc6 37. a5 1-0

[Event "La Pobla de Lillet op"]
[Site "La Pobla de Lillet ESP"]
[Date "2010.08.03"]
[Round "2.1"]
[White "Fernandez Soriano, R.."]
[Black "Rakhmanov, A.."]
[Result "0-1"]
[WhiteElo "2074"]
[BlackElo "2590"]
[PlyCount "102"]
[EventDate "2010.08.02"]
[EventType "swiss"]
[EventRounds "9"]
[EventCountry "ESP"]
[SourceTitle "Ajedrez en Madrid"]
[Source "lmi"]
[SourceDate "2020.06.24"]
[SourceVersion "1"]
[SourceVersionDate "2020.06.25"]
[SourceQuality "1"]

1. d4 Nf6 2. Bg5 e6 3. Nd2 Be7 4. Ngf3 h6 5. Bh4 d5 6. e3 c5 7. c3 Nbd7 8. Bd3
b6 9. O-O Bb7 10. Ne5 Nxe5 11. dxe5 Nd7 12. Bxe7 Qxe7 13. f4 g5 14. Qe2 Rg8 15.
Ba6 Bxa6 16. Qxa6 gxf4 17. exf4 c4 18. b4 cxb3 19. Nxb3 Nc5 20. Qb5+ Qd7 21.
Nd4 Qxb5 22. Nxb5 Ke7 23. c4 dxc4 24. Nd6 Nd3 25. Nxc4 Rac8 26. Rad1 Rxc4 27.
Rxd3 Rd8 28. Rxd8 Kxd8 29. g4 b5 30. Kg2 b4 31. Rf2 Rc3 32. h4 Ke7 33. h5 Rc5
34. Re2 f6 35. exf6+ Kxf6 36. Kg3 a5 37. Kh4 a4 38. Re4 Rb5 39. g5+ Kf7 40. Rc4
Rb8 41. Rc7+ Kg8 42. gxh6 b3 43. axb3 axb3 44. Rc1 b2 45. Rb1 Rb5 46. Kg4 Kh7
47. f5 exf5+ 48. Kg5 Kg8 49. Kf4 Kh8 50. Kg5 Kh7 51. Kf4 Kxh6 0-1

[Event "La Pobla de Lillet op"]
[Site "La Pobla de Lillet ESP"]
[Date "2010.08.03"]
[Round "2.2"]
[White "Mirzoev, A.."]
[Black "Garcia Galeote, L.."]
[Result "1-0"]
[WhiteElo "2541"]
[BlackElo "2058"]
[PlyCount "71"]
[EventDate "2010.08.02"]
[EventType "swiss"]
[EventRounds "9"]
[EventCountry "ESP"]
[SourceTitle "Ajedrez en Madrid"]
[Source "lmi"]
[SourceDate "2020.06.24"]
[SourceVersion "1"]
[SourceVersionDate "2020.06.25"]
[SourceQuality "1"]

1. d4 g6 2. e4 Bg7 3. Nc3 d6 4. Be3 a6 5. Qd2 h6 6. Nge2 b5 7. f3 Bb7 8. a4 b4
9. Nd1 a5 10. c3 Na6 11. Nc1 bxc3 12. bxc3 Nf6 13. Be2 Kf8 14. O-O Kg8 15. Nb3
c6 16. Nb2 Kh7 17. Rab1 Nc7 18. c4 Ne6 19. d5 Nf8 20. Nd4 c5 21. Nb5 Ne8 22. f4
Nd7 23. Qc2 Rf8 24. Nd3 Bc8 25. f5 Ne5 26. Nxe5 Bxe5 27. fxg6+ Kxg6 28. Qd2 Rh8
29. Bf4 f6 30. Rb3 Bxf4 31. Qxf4 Kh7 32. Rg3 Rg8 33. Rxg8 Kxg8 34. Qxh6 e5 35.
Bh5 Qe7 36. Bxe8 1-0

[Event "La Pobla de Lillet op"]
[Site "La Pobla de Lillet ESP"]
[Date "2010.08.03"]
[Round "2.3"]
[White "Lorca Cortada, D.."]
[Black "Martinez Duany, LS.."]
[Result "0-1"]
[WhiteElo "2069"]
[BlackElo "2510"]
[PlyCount "52"]
[EventDate "2010.08.02"]
[EventType "swiss"]
[EventRounds "9"]
[EventCountry "ESP"]
[SourceTitle "Ajedrez en Madrid"]
[Source "lmi"]
[SourceDate "2020.06.24"]
[SourceVersion "1"]
[SourceVersionDate "2020.06.25"]
[SourceQuality "1"]

1. d4 d5 2. c4 c6 3. Nc3 Nf6 4. Bg5 Nbd7 5. e3 Qa5 6. cxd5 Nxd5 7. Qa4 Qxa4 8.
Nxa4 Nb4 9. Kd2 e5 10. a3 Nd5 11. Nc3 Nxc3 12. bxc3 Bd6 13. Nf3 e4 14. Ne1 Nb6
15. f3 f5 16. c4 c5 17. Nc2 Bd7 18. Be2 cxd4 19. exd4 h6 20. Bh4 exf3 21. Bxf3
Nxc4+ 22. Kd3 Bb5 23. Rae1+ Kd7 24. Ne3 Nxe3+ 25. Kxe3 g5 26. Bf2 Bf4# 0-1

[Event "La Pobla de Lillet op"]
[Site "La Pobla de Lillet ESP"]
[Date "2010.08.03"]
[Round "2.4"]
[White "Viñals Rioja, J.."]
[Black "Velicka, P.."]
[Result "0-1"]
[WhiteElo "2038"]
[BlackElo "2483"]
[PlyCount "86"]
[EventDate "2010.08.02"]
[EventType "swiss"]
[EventRounds "9"]
[EventCountry "ESP"]
[SourceTitle "Ajedrez en Madrid"]
[Source "lmi"]
[SourceDate "2020.06.24"]
[SourceVersion "1"]
[SourceVersionDate "2020.06.25"]
[SourceQuality "1"]

1. e4 Nf6 2. e5 Nd5 3. d4 d6 4. Nf3 Bg4 5. Be2 e6 6. h3 Bh5 7. O-O Be7 8. c4
Nb6 9. Nc3 O-O 10. Be3 d5 11. cxd5 exd5 12. Nd2 Bxe2 13. Qxe2 Qd7 14. f4 f5 15.
a3 Nc6 16. b4 Nd8 17. Rfc1 Ne6 18. Nd1 c6 19. Nb2 a5 20. Nd3 axb4 21. axb4 Rxa1
22. Rxa1 Ra8 23. Rxa8+ Nxa8 24. Nc5 Bxc5 25. bxc5 Nac7 26. Nb3 Nb5 27. Qa2 Qd8
28. g3 Qe8 29. Kg2 Qh5 30. Qd2 h6 31. Na5 Qf7 32. Nb3 Na3 33. h4 Nc4 34. Qe1
Qh5 35. Nd2 Qd1 36. Qf2 Nc7 37. Nf1 Nb5 38. Qf3 Nxe3+ 39. Qxe3 Qxd4 40. Qc1
Qe4+ 41. Kh2 Qe2+ 42. Kg1 Nd4 43. Nd2 Qxd2 0-1

[Event "La Pobla de Lillet op"]
[Site "La Pobla de Lillet ESP"]
[Date "2010.08.03"]
[Round "2.5"]
[White "Panelo Muñoz, MA.."]
[Black "Diaz Lopez, P.."]
[Result "1-0"]
[WhiteElo "2450"]
[BlackElo "2005"]
[PlyCount "51"]
[EventDate "2010.08.02"]
[EventType "swiss"]
[EventRounds "9"]
[EventCountry "ESP"]
[SourceTitle "Ajedrez en Madrid"]
[Source "lmi"]
[SourceDate "2020.06.24"]
[SourceVersion "1"]
[SourceVersionDate "2020.06.25"]
[SourceQuality "1"]

1. d4 Nf6 2. c4 g6 3. g3 Bg7 4. Bg2 O-O 5. Nc3 d6 6. Nf3 c6 7. O-O Qa5 8. e4
Nbd7 9. Re1 e5 10. h3 Re8 11. Be3 exd4 12. Nxd4 Ne5 13. Bf1 Be6 14. Nxe6 Rxe6
15. f4 Ned7 16. Bg2 Rae8 17. a3 a6 18. b4 Qc7 19. Rc1 Qb8 20. Qd2 h5 21. c5 Rd8
22. cxd6 Rxd6 23. Qf2 Rd3 24. e5 Nxe5 25. fxe5 Qxe5 26. Bb6 1-0

[Event "La Pobla de Lillet op"]
[Site "La Pobla de Lillet ESP"]
[Date "2010.08.03"]
[Round "2.11"]
[White "Capellades Subirana, M.."]
[Black "Vinardell Cruañas, S.."]
[Result "1-0"]
[WhiteElo "2268"]
[BlackElo "1955"]
[PlyCount "105"]
[EventDate "2010.08.02"]
[EventType "swiss"]
[EventRounds "9"]
[EventCountry "ESP"]
[SourceTitle "Ajedrez en Madrid"]
[Source "lmi"]
[SourceDate "2020.06.24"]
[SourceVersion "1"]
[SourceVersionDate "2020.06.25"]
[SourceQuality "1"]

1. e4 e5 2. Nf3 Nc6 3. Bc4 Nf6 4. d3 Be7 5. Nbd2 d6 6. Nf1 O-O 7. Ne3 Na5 8.
O-O c6 9. Bb3 Nxb3 10. axb3 Ng4 11. h3 Nxe3 12. fxe3 f5 13. exf5 Bxf5 14. e4
Be6 15. Be3 a6 16. Qd2 h6 17. d4 Bf6 18. Rad1 Qe8 19. dxe5 dxe5 20. Bc5 Be7 21.
Bxe7 Qxe7 22. Qd6 Qxd6 23. Rxd6 Rae8 24. b4 Rf4 25. Nd2 Rxf1+ 26. Kxf1 Kf7 27.
Ke2 Ke7 28. Rd3 Rc8 29. Rc3 Kd6 30. Nf3 c5 31. bxc5+ Rxc5 32. Rxc5 Kxc5 33. Ke3
Kd6 34. h4 b5 35. b4 Bg4 36. Ne1 g6 37. Nd3 Bc8 38. Kf3 h5 39. Ke3 Be6 40. Nb2
Kc6 41. Kd3 Kb6 42. Kd2 Kc6 43. Ke3 Kd6 44. Kd3 Kc7 45. c4 bxc4+ 46. Nxc4 Bxc4+
47. Kxc4 Kc6 48. Kc3 Kb6 49. Kb2 a5 50. Kb3 axb4 51. Kxb4 Kc6 52. Kc4 Kd6 53.
Kb5 1-0

[Event "La Pobla de Lillet op"]
[Site "La Pobla de Lillet ESP"]
[Date "2010.08.04"]
[Round "3.1"]
[White "Rakhmanov, A.."]
[Black "Capellades Subirana, M.."]
[Result "1-0"]
[WhiteElo "2590"]
[BlackElo "2268"]
[PlyCount "65"]
[EventDate "2010.08.02"]
[EventType "swiss"]
[EventRounds "9"]
[EventCountry "ESP"]
[SourceTitle "Ajedrez en Madrid"]
[Source "lmi"]
[SourceDate "2020.06.24"]
[SourceVersion "1"]
[SourceVersionDate "2020.06.25"]
[SourceQuality "1"]

1. d4 Nf6 2. c4 e6 3. Nc3 Bb4 4. e3 b6 5. Bd3 Bb7 6. Nge2 O-O 7. O-O d5 8. cxd5
Nxd5 9. e4 Ne7 10. a3 Bxc3 11. bxc3 Nd7 12. Ng3 e5 13. f4 f6 14. Ra2 Ng6 15.
dxe5 fxe5 16. f5 Nh8 17. Bc4+ Nf7 18. Rd2 Qe7 19. Rxd7 Qc5+ 20. Rf2 Qxc4 21.
Qg4 Kh8 22. Nh5 Rg8 23. Bg5 Raf8 24. Be7 Nh6 25. Qg5 Nf7 26. Qh4 Qxc3 27. h3
Qc6 28. Bxf8 Qxd7 29. Nf6 Qd1+ 30. Kh2 Nh6 31. Nxg8 Nxg8 32. Bxg7+ Kxg7 33. f6+
1-0

[Event "La Pobla de Lillet op"]
[Site "La Pobla de Lillet ESP"]
[Date "2010.08.04"]
[Round "3.2"]
[White "Garcia Paolicchi, R.."]
[Black "Mirzoev, A.."]
[Result "0-1"]
[WhiteElo "2240"]
[BlackElo "2541"]
[PlyCount "90"]
[EventDate "2010.08.02"]
[EventType "swiss"]
[EventRounds "9"]
[EventCountry "ESP"]
[SourceTitle "Ajedrez en Madrid"]
[Source "lmi"]
[SourceDate "2020.06.24"]
[SourceVersion "1"]
[SourceVersionDate "2020.06.25"]
[SourceQuality "1"]

1. d4 Nf6 2. Nf3 e6 3. c4 b6 4. e3 Bb7 5. Bd3 Be7 6. O-O O-O 7. b3 c5 8. Bb2
cxd4 9. exd4 d5 10. Nbd2 Nc6 11. Rc1 Rc8 12. Qe2 Re8 13. Rfd1 Bf8 14. a3 g6 15.
c5 e5 16. Nxe5 Nxe5 17. dxe5 bxc5 18. Ba6 Bxa6 19. Qxa6 Nd7 20. Nf3 Qb6 21. Qa4
Qb7 22. Ba1 Bg7 23. b4 c4 24. Re1 Nf8 25. Qd1 Ne6 26. Qd2 a5 27. Bc3 axb4 28.
axb4 Nc7 29. Bd4 Ra8 30. Ra1 Rxa1 31. Bxa1 Rb8 32. Rb1 Ne6 33. Bc3 Nc5 34. Qe3
Ne4 35. Bd4 Qa6 36. Nd2 Qa2 37. Rb2 Qa4 38. h3 Rxb4 39. Rxb4 Qxb4 40. Nxe4 Qb1+
41. Kh2 Qxe4 42. Qxe4 dxe4 43. f4 exf3 44. gxf3 Bh6 45. Bc3 Bf4+ 0-1

[Event "La Pobla de Lillet op"]
[Site "La Pobla de Lillet ESP"]
[Date "2010.08.04"]
[Round "3.3"]
[White "Martinez Duany, LS.."]
[Black "Plasencia Martinez, V.."]
[Result "1-0"]
[WhiteElo "2510"]
[BlackElo "2156"]
[PlyCount "37"]
[EventDate "2010.08.02"]
[EventType "swiss"]
[EventRounds "9"]
[EventCountry "ESP"]
[SourceTitle "Ajedrez en Madrid"]
[Source "lmi"]
[SourceDate "2020.06.24"]
[SourceVersion "1"]
[SourceVersionDate "2020.06.25"]
[SourceQuality "1"]

1. Nf3 g6 2. d4 Bg7 3. e4 c5 4. dxc5 Qa5+ 5. c3 Qxc5 6. Na3 Bxc3+ 7. bxc3 Qxc3+
8. Qd2 Qxa1 9. Nb5 Na6 10. Bc4 d5 11. exd5 Bd7 12. O-O Qg7 13. Re1 Kf8 14. Ba3
f6 15. d6 e5 16. Nc7 Re8 17. Qd5 g5 18. Nxe8 Kxe8 19. Qxb7 1-0

[Event "La Pobla de Lillet op"]
[Site "La Pobla de Lillet ESP"]
[Date "2010.08.04"]
[Round "3.4"]
[White "Velicka, P.."]
[Black "Suarez Triguero, JA.."]
[Result "1-0"]
[WhiteElo "2483"]
[BlackElo "2099"]
[PlyCount "61"]
[EventDate "2010.08.02"]
[EventType "swiss"]
[EventRounds "9"]
[EventCountry "ESP"]
[SourceTitle "Ajedrez en Madrid"]
[Source "lmi"]
[SourceDate "2020.06.24"]
[SourceVersion "1"]
[SourceVersionDate "2020.06.25"]
[SourceQuality "1"]

1. e4 e6 2. d4 d5 3. Nd2 dxe4 4. Nxe4 Bd7 5. Nf3 Bc6 6. Ned2 Nd7 7. Bd3 Ngf6 8.
O-O Be7 9. Nc4 Bxf3 10. Qxf3 c6 11. c3 O-O 12. Bg5 Re8 13. Rad1 Nf8 14. Ne5 Qd5
15. Qe2 Qxa2 16. Nc4 Qb3 17. Ra1 a5 18. Nxa5 Qb6 19. Nc4 Qc7 20. Bh4 Rxa1 21.
Rxa1 b5 22. Bg3 Qc8 23. Ne5 N6d7 24. Qf3 Nxe5 25. Bxe5 b4 26. Ra6 c5 27. dxc5
Qxc5 28. Bd4 Qg5 29. Ra7 Qc1+ 30. Bf1 Qxb2 31. Qc6 1-0

[Event "La Pobla de Lillet op"]
[Site "La Pobla de Lillet ESP"]
[Date "2010.08.04"]
[Round "3.5"]
[White "Tejero Royo, F.."]
[Black "Panelo Muñoz, MA.."]
[Result "1/2-1/2"]
[WhiteElo "2160"]
[BlackElo "2450"]
[PlyCount "135"]
[EventDate "2010.08.02"]
[EventType "swiss"]
[EventRounds "9"]
[EventCountry "ESP"]
[SourceTitle "Ajedrez en Madrid"]
[Source "lmi"]
[SourceDate "2020.06.24"]
[SourceVersion "1"]
[SourceVersionDate "2020.06.25"]
[SourceQuality "1"]

1. d4 Nf6 2. c4 e6 3. Nc3 Bb4 4. a3 Bxc3+ 5. bxc3 Ne4 6. Qc2 f5 7. Nh3 O-O 8.
f3 Nf6 9. e3 b6 10. Bd3 Ba6 11. O-O Nc6 12. e4 e5 13. exf5 exd4 14. Bg5 Qe7 15.
cxd4 Nxd4 16. Qf2 Nb3 17. Rfe1 Qf7 18. Rad1 Nc5 19. Bb1 Rae8 20. Be3 d6 21. g4
Bxc4 22. g5 Nfd7 23. g6 Qf6 24. Bg5 Qc3 25. gxh7+ Kxh7 26. Qh4+ Kg8 27. Rxe8
Rxe8 28. Rc1 Qb3 29. f6 Nxf6 30. Bxf6 Qe3+ 31. Kg2 Qxc1 32. Qh7+ Kf7 33. Qxg7+
Ke6 34. Ng5+ Kd5 35. Qf7+ Ne6 36. Be4+ Kc5 37. Qxe8 Qd2+ 38. Kg3 Qf4+ 39. Kg2
Qxf6 40. Qc6+ Kd4 41. Nxe6+ Bxe6 42. Qxc7 Qg5+ 43. Kf2 Qd2+ 44. Kg3 Qg5+ 45.
Kf2 d5 46. Qxa7 Qe3+ 47. Kg2 Qd2+ 48. Kg3 Qg5+ 49. Kf2 Qh4+ 50. Kg1 Qe1+ 51.
Kg2 dxe4 52. Qxb6+ Kd3 53. Qd6+ Ke3 54. Qc5+ Kf4 55. Qd6+ Kf5 56. Qf8+ Ke5 57.
Qb8+ Kd4 58. Qb6+ Kd3 59. Qd6+ Ke2 60. Qa6+ Ke3 61. Qb6+ Kf4 62. Qd6+ Kf5 63.
Qf8+ Kg6 64. Qe8+ Kf6 65. Qh8+ Kg6 66. Qe8+ Kg5 67. Qe7+ Kf4 68. Qd6+ 1/2-1/2

[Event "La Pobla de Lillet op"]
[Site "La Pobla de Lillet ESP"]
[Date "2010.08.04"]
[Round "3.17"]
[White "Garcia Galeote, L.."]
[Black "Casamitjana Nuñez, A.."]
[Result "1-0"]
[WhiteElo "2058"]
[BlackElo "1842"]
[PlyCount "41"]
[EventDate "2010.08.02"]
[EventType "swiss"]
[EventRounds "9"]
[EventCountry "ESP"]
[SourceTitle "Ajedrez en Madrid"]
[Source "lmi"]
[SourceDate "2020.06.24"]
[SourceVersion "1"]
[SourceVersionDate "2020.06.25"]
[SourceQuality "1"]

1. d4 Nf6 2. c4 g6 3. Nc3 Bg7 4. e4 d6 5. Nge2 Nc6 6. d5 Ne5 7. f4 Neg4 8. h3
Nh6 9. Be3 c6 10. Qd2 cxd5 11. cxd5 e6 12. dxe6 fxe6 13. O-O-O Nf7 14. Nd4 a6
15. Kb1 e5 16. Nf3 O-O 17. Bc4 Qc7 18. Bxf7+ Qxf7 19. Qxd6 Ne8 20. Qd2 Bh6 21.
Nxe5 1-0

[Event "La Pobla de Lillet op"]
[Site "La Pobla de Lillet ESP"]
[Date "2010.08.05"]
[Round "4.1"]
[White "Velicka, P.."]
[Black "Rakhmanov, A.."]
[Result "1-0"]
[WhiteElo "2483"]
[BlackElo "2590"]
[PlyCount "83"]
[EventDate "2010.08.02"]
[EventType "swiss"]
[EventRounds "9"]
[EventCountry "ESP"]
[SourceTitle "Ajedrez en Madrid"]
[Source "lmi"]
[SourceDate "2020.06.24"]
[SourceVersion "1"]
[SourceVersionDate "2020.06.25"]
[SourceQuality "1"]

1. e4 c5 2. Nf3 Nf6 3. e5 Nd5 4. Nc3 Nxc3 5. dxc3 Nc6 6. Bf4 Qb6 7. b3 h6 8. h4
e6 9. Qd2 Qc7 10. h5 b6 11. Bd3 Bb7 12. Be4 O-O-O 13. O-O-O b5 14. Kb1 Ne7 15.
Qe2 Bxe4 16. Qxe4 Qc6 17. Qxc6+ Nxc6 18. Nd2 Na5 19. Ne4 Nb7 20. g4 f6 21. exf6
gxf6 22. Nxf6 Bg7 23. g5 Rhf8 24. Bg3 hxg5 25. Ne4 Bh6 26. Rd6 g4 27. Ra6 Bf4
28. Bh4 Rde8 29. Nf6 Re7 30. Nd5 Rh7 31. Nxf4 Rxf4 32. Bg3 Rf5 33. Rxa7 e5 34.
Ra8+ Kc7 35. h6 Nd6 36. Rg8 Nf7 37. Rg6 Kb7 38. Rh4 Rg5 39. Rxg5 Nxg5 40. Rxg4
Ne6 41. Rg6 e4 42. Be5 1-0

[Event "La Pobla de Lillet op"]
[Site "La Pobla de Lillet ESP"]
[Date "2010.08.05"]
[Round "4.2"]
[White "Mirzoev, A.."]
[Black "Granero Roca, A.."]
[Result "0-1"]
[WhiteElo "2541"]
[BlackElo "2429"]
[PlyCount "70"]
[EventDate "2010.08.02"]
[EventType "swiss"]
[EventRounds "9"]
[EventCountry "ESP"]
[SourceTitle "Ajedrez en Madrid"]
[Source "lmi"]
[SourceDate "2020.06.24"]
[SourceVersion "1"]
[SourceVersionDate "2020.06.25"]
[SourceQuality "1"]

1. d4 Nf6 2. c4 e6 3. Nc3 Bb4 4. e3 O-O 5. Nge2 d5 6. a3 Be7 7. cxd5 exd5 8. g3
c6 9. Bg2 Re8 10. Qc2 Nbd7 11. O-O Nf8 12. h3 h5 13. b4 a6 14. Bd2 Ne6 15. f3
g6 16. Na4 Nh7 17. Nc5 Nxc5 18. bxc5 Ng5 19. Nf4 Bf6 20. a4 Ne6 21. Ne2 Ng5 22.
g4 hxg4 23. hxg4 Kg7 24. Rab1 Rh8 25. Be1 Qe7 26. Qd2 Nh3+ 27. Bxh3 Rxh3 28.
Kg2 Bxg4 29. Bg3 Rah8 30. Nf4 Rxg3+ 31. Kxg3 Bh4+ 32. Kg2 Qg5 33. Rg1 Bh3+ 34.
Kh2 Bg2 35. Rxg2 Bf2+ 0-1

[Event "La Pobla de Lillet op"]
[Site "La Pobla de Lillet ESP"]
[Date "2010.08.05"]
[Round "4.3"]
[White "Pogorelov, R.."]
[Black "Martinez Duany, LS.."]
[Result "1/2-1/2"]
[WhiteElo "2424"]
[BlackElo "2510"]
[PlyCount "65"]
[EventDate "2010.08.02"]
[EventType "swiss"]
[EventRounds "9"]
[EventCountry "ESP"]
[SourceTitle "Ajedrez en Madrid"]
[Source "lmi"]
[SourceDate "2020.06.24"]
[SourceVersion "1"]
[SourceVersionDate "2020.06.25"]
[SourceQuality "1"]

1. Nf3 d5 2. d4 Nc6 3. Bf4 Bg4 4. e3 e6 5. c4 Nf6 6. a3 Bd6 7. Bg5 h6 8. Bh4
O-O 9. cxd5 exd5 10. Nc3 Be7 11. Bd3 Re8 12. Qc2 Bxf3 13. gxf3 Nb8 14. Qb3 Nbd7
15. Qxb7 Rb8 16. Qxa7 Rxb2 17. O-O Rb3 18. Rac1 Qa8 19. Qxa8 Rxa8 20. Bxf6 Nxf6
21. a4 Ba3 22. Rc2 Bb2 23. Rxb2 Rxb2 24. Bb5 Rb3 25. Rc1 c6 26. Bxc6 Rc8 27.
Nb5 Rb4 28. Na7 Rc7 29. Nb5 Re7 30. Nd6 Re6 31. Nb5 Re7 32. Nd6 Re6 33. Nb5
1/2-1/2